000 00473nam a2200181Ia 4500
008 230711s9999||||xx |||||||||||||| ||und||
020 _a978-0-07-060502-2
041 _aENG
082 _a512.5
_bLI-T
100 _aLipschutz ,Seymour
245 0 _aSchaum's Outlines : Linear Algebra
250 _a3rd Ed.
260 _c2017
_aNew Delhi
_bMcGraw Hill Education(India) Private Limited
300 _a424p.
650 _aMathematics
700 _aLipson,Marc
942 _cBK
999 _c6754
_d6754